000 00404nam a2200133Ia 4500
005 20260328101514.0
008 260328s9999||||xx |||||||||||||| ||und||
100 _aTarragó, Salvador
245 0 _aGuastavino co. (1885-1962) :
_b Catalogue of Works in Catalonia and America /
_cSalvador Tarragó
260 _bColegio de Arquitectos de Catalunya
300 _a131 p.
650 _aARQUITECTOS
942 _cBK
999 _c9317
_d9317